| 000 | 01053cam6a220028900 4500 | ||
|---|---|---|---|
| 001 | tmp15760517 | ||
| 003 | UPRA | ||
| 005 | 20190822114758.0 | ||
| 007 | sdubmmennuuune | ||
| 008 | 951023n nyu u | ||
| 028 | 0 | 2 |
_aXWN 18448 Westminster. _bXWN 18448 Westminster. |
| 035 | _a(Sirsi) r51813 | ||
| 035 | _a(UPRA)tmp15760517 | ||
| 040 | _cUPRA | ||
| 041 | 0 | _geng | |
| 100 | 1 |
_aBrahme, Johannes, 1833-1897. _dBrahme, Johannes, 1833-1897. _6A10096.1 |
|
| 240 |
_a10a26.1..1.9 n26.1..11.14 r26.1..26.8 _hSound recording |
||
| 245 | 1 | 0 |
_aSymphony no. 1 in C minor, op. 68. _h[sound recording]. |
| 260 |
_aNew York : _bWestminster. |
||
| 500 | _aSleeve notes by James Lyons. | ||
| 511 | 0 | _aVienna State Opera Orchestra conducted by Hermann Scherchen. | |
| 650 | 0 |
_aSymphonies. _6S6145.1 |
|
| 700 | 1 |
_aScherchen, Hermann, 1891-1966. _dScherchen, Hermann, 1891-1966. _6A10090.1 |
|
| 710 | 2 |
_aWiener Staatsoper. Orchester. _bWiener Staatsoper. Orchester. _6A9489.1 |
|
| 949 |
_aM1001 _wlcc _i-65710 _mMAIN _tBOOK _lON-SHELF |
||
| 004 | 51813 | ||
| 999 |
_c133416 _d133416 |
||